|
|
|
|
| LEADER |
00000 a2200000 4500 |
| 001 |
RU/ROS-EDU.RU/142745 |
| 856 |
4 |
|
|u https://www.ros-edu.ru/book?id=142745
|z Перейти к просмотру издания
|
| 010 |
|
|
|a 978-5-4497-3581-2
|
| 100 |
|
|
|a 20240101d2024 |||y0rusy0250
|
| 105 |
|
|
|a y z 000zy
|
| 101 |
0 |
|
|a rus
|
| 102 |
|
|
|a RU
|
| 200 |
1 |
|
|a Разговорная практика. Аудирование (корректировочный курс)
|b Электронный ресурс
|e Практикум по русскому языку для иностранных студентов
|f О. Л. Абросимова, Л. В. Воронова
|
| 700 |
|
1 |
|b О. Л.
|a Абросимова
|4 070
|
| 701 |
|
1 |
|b Л. В.
|a Воронова
|4 070
|
| 330 |
|
|
|a Практикум содержит: основной курс русского языка как иностранного, включающий упражнения, диалоги, тексты, скомпонованные по темам; тренировочные тесты; задания для самостоятельной работы. Подготовлен в соответствии с требованиями Федерального государственного образовательного стандарта высшего образования, предъявляемыми к изучению русского языка как иностранного. Предназначен для иностранных студентов, обучающихся в российских вузах по укрупненной группе направлений подготовки и специальностей «Языкознание и литературоведение».
|
| 210 |
|
|
|a Москва
|c Ай Пи Ар Медиа
|d 2024
|
| 610 |
1 |
|
|a русский как иностранный
|
| 610 |
1 |
|
|a РКИ
|
| 610 |
1 |
|
|a разговорная практика
|
| 610 |
1 |
|
|a русский язык
|
| 610 |
1 |
|
|a аудирование
|
| 610 |
1 |
|
|a корректировочный курс
|
| 675 |
|
|
|a 811.161
|
| 686 |
|
|
|a 81.411
|2 rubbk
|
| 300 |
|
|
|a Книга находится в премиум-версии платформы «Русский как иностранный».
|
| 215 |
|
|
|a 74 с.
|